Historia de Nicaragua desde los tiempos prehistóricos hasta 1860, en sus relaciones con España, México y Centro-América
| Main Author: | |
|---|---|
| Format: | Section = Libro |
| Language: | Undetermined Spanish |
| Published: |
managua
BANIC
1993
|
| Edition: | 2a.ed. |
| Subjects: |
| LEADER | 00658nam a2200205Ia 4500 | ||
|---|---|---|---|
| 008 | 240829s9999 xx 000 0 und d | ||
| 040 | |a BIBLIOTECA-RUSB/ 972.8505 G192 | ||
| 041 | |a spa | ||
| 082 | |a 972.8505 G192 | ||
| 100 | 1 | |a Gámez, José Dolores | |
| 245 | 1 | 0 | |a Historia de Nicaragua desde los tiempos prehistóricos hasta 1860, en sus relaciones con España, México y Centro-América |
| 250 | |a 2a.ed. | ||
| 260 | |a managua |b BANIC |c 1993 | ||
| 300 | |a 537 p. | ||
| 650 | 7 | |a NICARAGUA-HISTORIA-LA COLONIA | |
| 650 | 7 | |b NICARAGUA-HISTORIA-INDEPENDENCIA | |
| 650 | 7 | |c NICARAGUA-HISTORIA-GUERRA NACIONAL | |
| 942 | |c BK |2 ddc | ||
| 991 | |a TEXTO | ||
| 999 | |c 5570 | ||